Historia de Puerto Rico / (Record no. 18188)
[ view plain ]
| 000 -CABECERA | |
|---|---|
| campo de control de longitud fija | 00525nam a2200181 a 4500 |
| 001 - NÚMERO DE CONTROL | |
| campo de control | 000018668 |
| 005 - FECHA Y HORA DE LA ÚLTIMA TRANSACCIÓN | |
| campo de control | 20200929165834.0 |
| 008 - DATOS DE LONGITUD FIJA--INFORMACIÓN GENERAL | |
| campo de control de longitud fija | 100512s1983 pr m r 000 0 spa d |
| 020 ## - NÚMERO INTERNACIONAL ESTÁNDAR DEL LIBRO | |
| Número Internacional Estándar del Libro | 8449992028 |
| 040 ## - FUENTE DE LA CATALOGACIÓN | |
| Centro catalogador/agencia de origen | DO-SdBNP |
| Lengua de catalogación | spa |
| Centro/agencia transcriptor | BNPHU |
| 082 ## - NÚMERO DE LA CLASIFICACIÓN DECIMAL DEWEY | |
| Número de clasificación | 972.95 |
| Número de documento/Ítem | B825h |
| 049 ## - FONDOS LOCALES (OCLC) | |
| Fondos de biblioteca | BNGR |
| 100 1# - ENTRADA PRINCIPAL--NOMBRE DE PERSONA | |
| Nombre de persona | Brau, Salvador, |
| Fechas asociadas al nombre | 1842-1912 |
| 9 (RLIN) | 31776 |
| 245 10 - MENCIÓN DE TÍTULO | |
| Título | Historia de Puerto Rico / |
| Mención de responsabilidad, etc. | Salvador Brau. |
| 260 ## - PUBLICACIÓN, DISTRIBUCIÓN, ETC. | |
| Lugar de publicación, distribución, etc. | Río Piedras, Puerto Rico : |
| Nombre del editor, distribuidor, etc. | EDIL, |
| Fecha de publicación, distribución, etc. | 1983. |
| 300 ## - DESCRIPCIÓN FÍSICA | |
| Extensión | 278 p. : |
| Otras características físicas | map. ; |
| Dimensiones | 18 cm. |
| 651 #4 - PUNTO DE ACCESO ADICIONAL DE MATERIA--NOMBRE GEOGRÁFICO | |
| Nombre geográfico | Puerto Rico |
| Subdivisión general | Historia |
| 9 (RLIN) | 1079 |
| Estado de retiro | Estado de pérdida | Restricciones de uso | No para préstamo | Código de colección | Localización permanente | Ubicación/localización actual | Ubicación en estantería | Fecha de adquisición | Número de inventario | Total de préstamos | Signatura topográfica completa | Código de barras | Fecha visto por última vez | Precio válido a partir de | Tipo de ítem Koha |
|---|---|---|---|---|---|---|---|---|---|---|---|---|---|---|---|
| Monografías: Libros y Folletos | General | General | En catalogación | 12.05.2010 | LF1 | 972.95 B825h | 18668-10 | 25.06.2020 | 25.06.2020 | Préstamo en sala |
